Statystyki dla 100 Najwyżej Ocenionych Gier Wszech Czasów

Kliknij tutaj aby rozwiązać quiz!

Ogólne statystyki

  • Ten quiz został rozwiązany 412 razy
    (411 od ostatniego zresetowania)
  • Średni wynik to 14 z 100

Statystyki odpowiedzi

xŚrednia na MetacrticProducentPlatformaOdpowiedź% Poprawnych
897RockstarPS3/X360/PS4/XBO/PCGrand Theft Auto V
86%
398RockstarPS3, X360, PCGrand Theft Auto IV
79%
2895RockstarPS2, Xbox, PCGrand Theft Auto: San Andreas
78%
1297RockstarPS2, Xbox, PCGrand Theft Auto 3
75%
2995RockstarPS2, Xbox, PCGrand Theft Auto: Vice City
71%
8093MojangPS3, PS4, PSV, WiiU, Switch, X360, XBO, PCMinecraft
57%
6693CD Project RedPS3, XBO, PCWiedźmin 3: Dziki Gon
57%
7193RockstarNDS, PSPGrand Theft Auto: Chinatown Wars
45%
797RockstarPS4/XBORed Dead Redemption 2
39%
1596ValvePC, XboxHalf Life 2
30%
4894Infinity WardPS3, X360, PC, WiiCall of Duty 4: Modern Warfare
29%
6594NintendoN64Super Mario 64
28%
1896NaughtyDogPS3Uncharted 2: Among Thueves
26%
10093Naughty DogPS4Uncharted 4
26%
5394NintendoGBASuper Mario Advance 4
24%
597NintendoWiiSuper Mario Galaxy
24%
1397NintendoSwitchSuper Mario Odyssey
24%
4394BethesdaPS3, X360, PCThe Elder Scrolls V: Skyrim
24%
8893BethesdaPS3, X360, PCFallout 3
23%
697NintendoWiiSuper Mario Galaxy 2
23%
3595Naughty DogPS3The Last of Us
23%
4094Infinity WardPS3, X360, PC, WiiCall of Duty: Modern Warfare 2
22%
5894BlizzardPC, PSDiablo
22%
7793NintendoWiiUSuper Mario 3D World
22%
6194SCE Santa MonicaPS2God of War
21%
4194SCE Santa MonicaPS4God of War
21%
9993CapcomPS4, XBO, PCResident Evil 2
19%
7693SCE Santa MonicaPS2God of War II
15%
1497BungieXbox, PCHalo: Combat Evolced
15%
1996CapcomGC, PS2, Xbox, PC, WiiResident Evil 4
15%
3295BungieXbox, PCHalo 2
14%
4994BungieX360Halo 3
14%
3695ValvePC, PS3, X360Portal 2
14%
2096ValvePC, PS3, X360The Orange Box
14%
2296NamcoPSTekken 3
13%
2396BioWarePS3, X360, PCMass Effect 2
12%
9193KonamiPS2, XboxPro Evolution Soccer 6
12%
9293BioWarePS3, X360, PCMass Effect 3
11%
5194BethesdaPS3, X360, PCThe Elder Scrolls IV: Oblivion
11%
1696Irrational GamesPS3, Xbox360, PCBioshock
10%
2196RocksteadyPS3, X360, PC, WiiUBatman: Arkham City
9%
3994SquarePSFinal Fantasy IX
9%
9593NintendoGBAMario Kart Super Circult
9%
2696KonamiPS2, Xbox, PCMetal Gear Solid 2: Sons of Liberty
9%
5994KonamiPS2Metal Gear Solid 3: Snake Eater
9%
6094KonamiPS3Metal Gear Solid 4: Guns of the Patriots
9%
3795KonamiPS4, XBO, PCMetal Gear Solid V
9%
3894Irrational GamesPS3, X360, PCBioshock: Infinite
8%
997NintendoSwitch/WiiUThe Legend of Zelda: Breath of the Wild
8%
199NintendoN64The Legend of Zelda: Ocarina of Time
7%
2795InterplayPCBaldur's Gate 2: Shadows of Amn
6%
4594Epic GamesX360, PCGears of War
6%
4794idPCQuake
6%
8593idPC, DCQuake 3 Arena
6%
7293CapcomPSStreet Fighter Alpha 3
6%
5294CapcomPS3, X360Street Fighter IV
6%
8993Epic GamesX360Gears of War 2
5%
2596Polyphony DigitalPSGran Turismo
5%
6993Polyphony DigitalPS2Gran Turismo 2
5%
3195Polyphony DigitalPS2Gran Turismo 3
5%
4694MicroprosePCSid Meier's Civilization II
5%
6294BioWareXbox, PCStar Wars: Knights of the Old Republic
5%
3495NintendoN64The Legend of Zelda: Majora's Mask
5%
6394Firaxis GamesPCSid Meir's Civilization IV
4%
7893BlizzardPCStarcraft II: Wings of Liberty
4%
3395NintendoSNESThe Legend of Zelda: A Link to the Past
4%
9493NintendoWiiThe Legend of Zelda Skyward Sword
4%
2496NintendoGC, WiiThe Legend of Zelda: Twilight Princess
4%
5794Criterion GamesPS2, XboxBurnout 3: Takedown
3%
3095Media MoleculePS3Little Big Planet
3%
8193AtlusPS2, PSVPersona 4
3%
8293AtlusPS4Persona 5
3%
6793NintendoWiiSuper Smash Bros Brawl
3%
7493Larian Studios GamesPS4, XBO, PCDivinity: Original Sin II
2%
1796RareN64GoldenEye 007
2%
498NamcoDCSoulCalibur
2%
9093NamcoPS2, Xbox, GCSoul Calibur II
2%
8493UbisoftPS2, Xbox, PCTom Clancy's Splinter Cell
2%
5694UbisoftPS2, Xbox, PCTom Clancy's Splinter Cell Chaos Theory
2%
7093UbisoftPS2, Xbox, PCTom Clancy's Splinter Cell Pandora Tomorrow
2%
298NeversoftPSX, N64, PC, DCTony Hawk's Pro Skater 2
2%
7393NeversoftPS2, Xbox, GC, PCTony Hawk's Pro Skater 3
2%
4294NeversoftPS2, Xbox, GC, PCTony Hawk's Pro Skater 4
2%
7593Epic GamesPCUnreal Tournament 2004
2%
9893KonamiPSCastlevania: Symphony of the Night
1%
4494SquarePSChrono Cross
1%
6893RelicPCCompany of Heroes
1%
5594LucasArtsPCGrim Fandango
1%
8693RelicPCHomeworld
1%
5494SegaDCJet Grind Radio
1%
1197NintendoGCMetroid Prime
1%
5094TecmoXboxNinja Gaiden
1%
8793Clover StudioPS2, WiiOkami
1%
1097RareN64Perfect Dark
1%
9693HarmonixPS3, X360, WiiRock Band 3
1%
9393SegaDCSkies of Arcadia
1%
6494SegaPS2Virtua Fighter 4
1%
7993Electronic ArtsPS2SSX
0%
8393Electronic ArtsPS2, XboxSSX 3
0%
9793Clover StudioPS2, GCViewtiful Joe
0%

Rozkład punktacji

Percentyl według liczby udzielonych odpowiedzi

Procent ludzi z każdym wynikiem

Twoja historia wyników

Nie rozwiązałeś tego quizu od ostatniego zresetowania